Memòria conveni 2003 : pla integral : Pubilla Casas, la Florida, les Planes pla integral :
Descripción Física:
9, [2] f. solts en un sobre ; 29 cm
MARC
| LEADER | 00000nam a2200000Ia 4500 | ||
|---|---|---|---|
| 001 | 22490 | ||
| 008 | 160829s2003 xx 000 0 cat d | ||
| 080 | |a FU-57-3 | ||
| 245 | |a Memòria conveni 2003 : |b pla integral : |b Pubilla Casas, la Florida, les Planes | ||
| 260 | |a [Hospitalet de Llobregat : |b Ajuntament de l'Hospitalet de Llobregat], |c 2003 | ||
| 300 | |a 9, [2] f. solts en un sobre ; |c 29 cm | ||
| 590 | |a Prové de G-227. | ||
| 590 | |a Vegeu també: R. 22491 | ||
| 650 | |a Pubilla Casas (Hospitalet de Llobregat : Barri) |9 47422 | ||
| 650 | |a La Florida (Hospitalet de Llobregat : Barri) |9 47423 | ||
| 650 | |a Les Planes (Hospitalet de Llobregat : Barri) I |9 47424 | ||
| 650 | |a Rehabilitació urbana |x Hospitalet de Llobregat |9 47427 | ||
| 710 | 1 | |a Hospitalet de Llobregat (Catalunya). |b Ajuntament |9 52871 | |
| 901 | |a Arxiu | ||
| 942 | |n 1 | ||
| 952 | |0 0 |1 0 |4 0 |6 FU573 |7 1 |9 53875 |a Arxiu |b Arxiu |d 2016-12-01 |l 0 |o FU-57-3 |p 22490 |r 2016-12-01 00:00:00 |w 2016-12-01 |y ARXIU | ||
| 999 | |c 57741 |d 57741 | ||